• 首页
  • 本馆介绍
  • 公告通知
  • 最新文献
  • 馆藏检索
  • 电子资源
  • 读者导购
  • 参考咨询
  • 我的图书馆
  • 登录
  • 详细信息显示
  • 放入我的书架
  • 预约/预借图书
  • 作者相关作品
  • 分类相关作品
  • 丛书相关作品
  • 出版社相关作品

书目信息

  • 表格格式
  • 工作单格式
  • 卡片格式
题名:
乳品生产常用设备
    
 
作者: 张麟麟 编
分册:  
出版信息: 北京   中国轻工业出版社  1995
页数: 150页
开本: 19cm
丛书名: 全国“星火计划”丛书
单 册:
中图分类: TS252.3
科图分类:
主题词: 乳制品--食品加工设备
电子资源:
ISBN: 978-7-5019-1700-6
000 00705nam2 2200241 450
001 0100506171
005 20101125142944.0
010    @a978-7-5019-1700-6@dCNY10.00
100    @a20021005d1995 em y0chiy0110 ea
101 0  @achi
102    @aCN@b110000
105    @ay z 000yy
106    @ar
200 1  @a乳品生产常用设备@9Ru Pin Sheng Chan Chang Yong She Bei @f张麟麟编@b专著
210    @a北京@c中国轻工业出版社@d1995
215    @a150页@d19cm
225 2  @a全国“星火计划”丛书
410  0 @12001 @a全国“星火计划”丛书
606 0  @a乳制品@x食品加工设备
690    @aTS252.3@v3
701  0 @a张麟麟@9zhang lin lin@4编
801  0 @aCN@bAiZhiMarc@c19950527
905    @aBZT@dTS252.3@e1@f18@sTS252.3/1
    
    乳品生产常用设备/张麟麟编.-北京:中国轻工业出版社,1995
    150页;19cm.-(全国“星火计划”丛书)
    
    
    ISBN 978-7-5019-1700-6:CNY10.00
    
●
相关链接 在五车中查询图书 在当当中查询图书 在豆瓣中查询图书


正题名:乳品生产常用设备     索取号:TS252.3/1         预约/预借

序号 登录号 条形码 馆藏地/架位号 状态 备注
1 2000041101   2000041101   旧书回溯/ [索取号:TS252.3/1] 在馆    
2 2000041102   2000041102   旧书回溯/ [索取号:TS252.3/1] 在馆    
3 2000041103   2000041103   旧书回溯/ [索取号:TS252.3/1] 在馆    
4 2000116281   2000116281   旧书回溯/ [索取号:TS252.3/1] 在馆    
5 2000116282   2000116282   旧书回溯/ [索取号:TS252.3/1] 在馆    
6 2000116283   2000116283   旧书回溯/ [索取号:TS252.3/1] 在馆    
7 2000116284   2000116284   旧书回溯/ [索取号:TS252.3/1] 在馆    
8 2000116285   2000116285   旧书回溯/ [索取号:TS252.3/1] 在馆    
9 2000116286   2000116286   旧书回溯/ [索取号:TS252.3/1] 在馆    
10 2000116287   2000116287   旧书回溯/ [索取号:TS252.3/1] 在馆    
11 2000116288   2000116288   旧书回溯/ [索取号:TS252.3/1] 在馆    
12 2000116302   2000116302   旧书回溯/ [索取号:TS252.3/1] 在馆    
13 2000116303   2000116303   旧书回溯/ [索取号:TS252.3/1] 在馆    
14 2000116304   2000116304   旧书回溯/ [索取号:TS252.3/1] 在馆    
15 2000116305   2000116305   旧书回溯/ [索取号:TS252.3/1] 在馆    
16 2000116306   2000116306   旧书回溯/ [索取号:TS252.3/1] 在馆    
17 2000116307   2000116307   旧书回溯/ [索取号:TS252.3/1] 在馆    
18 2000116308   2000116308   旧书回溯/ [索取号:TS252.3/1] 在馆    
山东省滨州职业学院图书馆 欢迎您!
大连网信软件有限公司© 版权所有